Production engineering

Salvato in:
Dettagli Bibliografici
Natura: Periodico
Lingua:inglese
Pubblicazione: Cleveland Penton/IPC
Soggetti:
Tags: Aggiungi Tag
Nessun Tag, puoi essere il primo ad aggiungerne!!

MARC

LEADER 00000nas1a2200000 4500
001 s123294
005 20041019155352.7
041 0 |a eng 
044 |a US 
245 1 0 |a Production engineering 
264 1 |a Cleveland  |b Penton/IPC 
500 |a Do r. 1976 vychádzal pod názvom Automation 
610 2 0 |a inžinierstvo priemyselné 
610 2 0 |a výskum 
610 2 0 |a vývoj